[Event "DVM U20 2022"]
[Site "Münster GER"]
[Date "2022.12.27"]
[Round "2"]
[White "Ponomarev, Maximilian"]
[Black "Weigand, Anton"]
[Result "0-1"]
[Termination "normal"]
[Board "4.5"]
[WhiteElo "1917"]
[BlackElo "1948"]
[WhiteClock "01:09:03"]
[BlackClock "00:23:15"]
[WhiteTeam "FC Ergolding 1932 e.V."]
[BlackTeam "SK Lehrte von 1919 e. V."]
[PlyCount "90"]
[WhiteFideId "16216768"]
[BlackFideId "16221915"]
[EventCountry "GER"]
[EventRounds "7"]
[EventType "team-swiss"]
[EventDate "2022.12.26"]

1. e4 c5 {[%emt 0:00:05]} 2. Nf3 {[%emt 0:00:10]} e6 {[%emt 0:00:07]} 3. d4
{[%emt 0:00:05]} cxd4 {[%emt 0:00:06]} 4. Nxd4 {[%emt 0:00:04]} Nf6 {[%emt
0:00:08]} 5. Nc3 {[%emt 0:00:30]} Nc6 {[%emt 0:00:13]} 6. Ndb5 {[%emt 0:00:34]}
d6 {[%emt 0:00:09]} 7. Bf4 {[%emt 0:00:06]} e5 {[%emt 0:00:04]} 8. Bg5 {[%emt
0:00:04]} a6 {[%emt 0:00:15]} 9. Na3 {[%emt 0:00:04]} b5 {[%emt 0:00:06]} 10.
Nd5 {[%emt 0:00:06]} Be7 {[%emt 0:00:13]} 11. Bxf6 {[%emt 0:00:23]} Bxf6 {[%emt
0:00:07]} 12. c3 {[%emt 0:00:05]} Ne7 {[%emt 0:00:13]} 13. Nxf6 {[%emt
0:01:20]} gxf6 {[%emt 0:05:37]} 14. Bd3 {[%emt 0:05:50]} d5 {[%emt 0:00:11]}
15. Nc2 {[%emt 0:01:48]} Bb7 {[%emt 0:09:27]} 16. Qe2 {[%emt 0:04:02]} f5
{[%emt 0:00:43]} 17. O-O-O {[%emt 0:08:45]} Qd6 {[%emt 0:27:47]} 18. Kb1 {[%emt
0:05:30]} fxe4 {[%emt 0:05:12]} 19. Bxe4 {[%emt 0:01:15]} f5 {[%emt 0:00:08]}
20. Bf3 {[%emt 0:01:25]} O-O-O {[%emt 0:02:18]} 21. g3 {[%emt 0:02:07]} Rhf8
{[%emt 0:04:58]} 22. Bg2 {[%emt 0:01:24]} Kb8 {[%emt 0:03:34]} 23. Rhe1 {[%emt
0:17:43]} Ng6 {[%emt 0:00:40]} 24. h4 {[%emt 0:03:43]} e4 {[%emt 0:02:49]} 25.
Nd4 {[%emt 0:01:06]} f4 {[%emt 0:01:35]} 26. h5 {[%emt 0:03:55]} Ne5 {[%emt
0:05:31]} 27. gxf4 {[%emt 0:00:36]} Nd3 {[%emt 0:07:57]} 28. Rg1 {[%emt
0:01:28]} Nxf4 {[%emt 0:01:48]} 29. Qe3 {[%emt 0:00:36]} Nxh5 {[%emt 0:01:16]}
30. f3 {[%emt 0:00:14]} Qf4 {[%emt 0:04:17]} 31. Qe2 {[%emt 0:01:18]} Ng3
{[%emt 0:03:12]} 32. Qe1 {[%emt 0:00:15]} Rde8 {[%emt 0:02:49]} 33. fxe4 {[%emt
0:01:24]} Nxe4 {[%emt 0:01:40]} 34. Bxe4 {[%emt 0:00:51]} Qxe4 {[%emt 0:01:36]}
35. Qxe4 {[%emt 0:00:12]} dxe4 {[%emt 0:00:17]} 36. Rde1 {[%emt 0:00:42]} Rg8
{[%emt 0:01:58]} 37. Rh1 {[%emt 0:00:18]} Re7 {[%emt 0:02:13]} 38. Rh6 {[%emt
0:00:18]} Rg6 {[%emt 0:01:06]} 39. Rh2 {[%emt 0:00:42]} Reg7 {[%emt 0:00:50]}
40. Ree2 {[%emt 0:00:31]} Rf6 {[%emt 0:03:26]} 41. Kc2 {[%emt 0:01:02]} Bd5
{[%emt 0:04:16]} 42. b3 {[%emt 0:00:52]} Bf7 {[%emt 0:01:57]} 43. Kd2 {[%emt
0:00:24]} Bg6 {[%emt 0:00:30]} 44. Ke3 {[%emt 0:00:26]} Rc7 {[%emt 0:02:00]}
45. Kd2 {[%emt 0:00:09]} Rf1 {[%emt 0:03:54]} 0-1

[Event "DVM U20 2022"]
[Site "Münster GER"]
[Date "2022.12.27"]
[Round "2"]
[White "Schneider, Jana"]
[Black "Weidemann, Jakob"]
[Result "1-0"]
[Termination "normal"]
[Board "5.1"]
[WhiteTitle "FM"]
[WhiteElo "2272"]
[BlackElo "2169"]
[WhiteClock "01:05:15"]
[BlackClock "01:23:36"]
[WhiteTeam "SC Bavaria Regensburg von 1881 e.V."]
[BlackTeam "Schachklub Münster 32 e. V."]
[PlyCount "85"]
[WhiteFideId "12924997"]
[BlackFideId "16255470"]
[EventCountry "GER"]
[EventRounds "7"]
[EventType "team-swiss"]
[EventDate "2022.12.26"]

1. e4 c5 2. Nf3 {[%emt 1:50:18]} e6 3. d4 cxd4 4. Nxd4 Nf6 5. Nc3 Nc6 6. Ndb5
d6 7. Bf4 e5 8. Bg5 a6 9. Na3 b5 10. Nd5 Be7 11. Bxf6 Bxf6 12. c3 Ne7 13. Nxf6
gxf6 14. Qf3 f5 15. exf5 Bxf5 16. Bd3 Be6 17. O-O O-O 18. Rfd1 Ng6 19. Be4 Rb8
{[%emt 0:01:09]} 20. Nc2 {[%emt 0:00:25]} Nf4 21. Nb4 Rb6 22. Nd5 Bxd5 23. Bxd5
Nxd5 24. Rxd5 Qe7 25. Qe3 Rfb8 26. Rad1 b4 27. cxb4 Rxb4 28. b3 R4b6 29. Qd3
Rc8 30. h3 Rd8 31. Ra5 e4 32. Qd4 Rc6 33. Re1 Re8 34. Re3 Qh4 35. Rg3 Qxg3 36.
fxg3 e3 37. Rg5 Kf8 38. Qg7 Ke7 39. Rf5 e2 40. Rxf7 Kd8 41. Qg5 Kc8 42. Qg4 Kb8
43. Qb4 1-0

[Event "DVM U20 2022"]
[Site "Münster GER"]
[Date "2022.12.27"]
[Round "2"]
[White "Kamp, Adrian"]
[Black "Aumüller, Naum"]
[Result "1-0"]
[Termination "normal"]
[Board "5.2"]
[WhiteElo "1979"]
[BlackElo "1927"]
[WhiteClock "01:20:29"]
[BlackClock "01:06:06"]
[WhiteTeam "Schachklub Münster 32 e. V."]
[BlackTeam "SC Bavaria Regensburg von 1881 e.V."]
[PlyCount "65"]
[WhiteFideId "16222466"]
[BlackFideId "16263960"]
[EventCountry "GER"]
[EventRounds "7"]
[EventType "team-swiss"]
[EventDate "2022.12.26"]

1. e4 {[%emt 1:50:28]} e5 2. Nf3 Nc6 3. d4 exd4 4. Nxd4 Nf6 5. Nxc6 bxc6 6. e5
Qe7 7. Qe2 Nd5 8. c4 Ba6 9. Nd2 Nf4 10. Qe4 Ne6 11. b3 Rb8 12. Bb2 c5 13. Nf3
Bb7 14. Qe3 g6 15. Bd3 h5 {[%emt 0:00:02]} 16. Bc2 Bh6 17. Qc3 Nd4 18. Nxd4
cxd4 19. Qxd4 Bxg2 20. Rg1 Bh3 21. Rg3 Be6 22. Qxa7 O-O 23. Ba3 Qh4 24. Bxf8
Rxf8 25. Ke2 Qxh2 26. Be4 Qh4 27. Kd3 Qf4 28. Qe3 Qxe5 29. Qxh6 Qxa1 30. Bxg6
Qb1 31. Kd2 fxg6 32. Rxg6 Kf7 33. Rf6 1-0

[Event "DVM U20 2022"]
[Site "Münster GER"]
[Date "2022.12.27"]
[Round "2"]
[White "Steinhauer, Artur"]
[Black "Schröder, Lennart"]
[Result "1/2-1/2"]
[Termination "normal"]
[Board "5.3"]
[WhiteElo "1920"]
[BlackElo "2011"]
[WhiteClock "01:23:16"]
[BlackClock "01:22:03"]
[WhiteTeam "SC Bavaria Regensburg von 1881 e.V."]
[BlackTeam "Schachklub Münster 32 e. V."]
[PlyCount "83"]
[WhiteFideId "16263596"]
[BlackFideId "16222490"]
[EventCountry "GER"]
[EventRounds "7"]
[EventType "team-swiss"]
[EventDate "2022.12.26"]

1. e4 {[%emt 1:50:38]} c5 2. Nf3 d6 3. d4 cxd4 4. Nxd4 Nf6 5. Nc3 g6 6. Be3 Bg7
7. f3 O-O 8. Qd2 Nc6 9. Bc4 Bd7 10. O-O-O Rc8 11. Bb3 Nxd4 12. Bxd4 b5 13. Nd5
Nxd5 14. Bxg7 Kxg7 15. exd5 a5 16. a3 Kg8 17. Rhe1 Rc5 18. Re3 b4 19. axb4 axb4
20. Qxb4 Qa8 21. Kd2 Rb8 22. Qf4 Bf5 23. Rc1 Rxb3 24. Rxb3 Qxd5 25. Ke1 Bxc2
26. Rc3 Rxc3 27. bxc3 Bf5 28. Qe3 Qa2 29. Qd2 Qc4 30. Kf2 h5 31. Ra1 Qd3 32.
Ra8 Kg7 33. Qxd3 Bxd3 34. Ke3 Bc4 35. Kd4 Be6 36. c4 h4 37. Re8 Kf6 38. c5 dxc5
39. Kxc5 Bf5 40. Kd4 g5 41. g3 hxg3 42. hxg3 1/2-1/2

[Event "DVM U20 2022"]
[Site "Münster GER"]
[Date "2022.12.27"]
[Round "2"]
[White "Kamp, Aaron"]
[Black "Neugirg, Mika"]
[Result "1-0"]
[Termination "normal"]
[Board "5.4"]
[WhiteElo "1850"]
[BlackElo "1573"]
[WhiteClock "01:21:49"]
[BlackClock "01:01:43"]
[WhiteTeam "Schachklub Münster 32 e. V."]
[BlackTeam "SC Bavaria Regensburg von 1881 e.V."]
[PlyCount "87"]
[WhiteFideId "16231120"]
[BlackFideId "34619160"]
[EventCountry "GER"]
[EventRounds "7"]
[EventType "team-swiss"]
[EventDate "2022.12.26"]

1. e4 {[%emt 1:50:44]} c6 2. c4 d5 3. cxd5 cxd5 4. exd5 Nf6 5. Qa4 Nbd7 6. Nc3
g6 7. Nf3 Bg7 8. Bc4 O-O 9. d3 a6 10. Qa3 b6 11. O-O Bb7 12. Re1 Re8 13. Bf4 b5
14. Bb3 Qb6 {[%emt 0:00:06]} 15. Be3 {[%emt 0:01:50]} b4 16. Qa4 Nc5 17. Bxc5
Qxc5 18. Ne4 Nxe4 19. dxe4 Bxb2 20. Rab1 Bc3 21. Rec1 Rad8 22. a3 a5 23. axb4
axb4 24. Qa2 Ra8 25. Qd2 Qd6 26. Qh6 Bg7 27. Qe3 Qd7 28. Qf4 Rac8 29. Rxc8 Rxc8
30. Ng5 Rf8 31. Qh4 h6 32. Nf3 Rc8 33. Qf4 Qc7 34. e5 Qd8 35. d6 e6 36. Nd4 Qd7
37. h4 Rc5 38. Re1 Bd5 39. Re3 Bxb3 40. Nxb3 Rc3 41. Qxb4 Rxe3 42. Nc5 Qd8 43.
fxe3 Bxe5 44. d7 1-0

[Event "DVM U20 2022"]
[Site "Münster GER"]
[Date "2022.12.27"]
[Round "2"]
[White "Maguire, Kristof"]
[Black "Meyer, Emil"]
[Result "0-1"]
[Termination "normal"]
[Board "5.5"]
[WhiteElo "1449"]
[BlackElo "1668"]
[WhiteClock "01:10:21"]
[BlackClock "01:12:43"]
[WhiteTeam "SC Bavaria Regensburg von 1881 e.V."]
[BlackTeam "Schachklub Münster 32 e. V."]
[PlyCount "97"]
[WhiteFideId "16225163"]
[BlackFideId "34625771"]
[EventCountry "GER"]
[EventRounds "7"]
[EventType "team-swiss"]
[EventDate "2022.12.26"]

1. e4 {[%emt 1:50:58]} c5 2. Nf3 Nc6 3. d4 cxd4 4. Nxd4 e5 5. Nxc6 bxc6 6. Nc3
Nf6 7. Be2 Bb4 8. Qd3 O-O 9. O-O d5 10. exd5 cxd5 11. a3 Bxc3 12. Qxc3 Bb7 13.
f4 Ne4 14. Qb3 Rb8 15. fxe5 Ba6 16. Qf3 Bxe2 17. Qxe2 Qb6 18. Kh1 Rbe8 19. Qe3
Rxe5 20. Qxb6 axb6 21. Bf4 Re7 22. Rad1 Rd8 23. Kg1 b5 24. Rd4 g5 25. Bd2 Nxd2
26. Rxd2 h6 27. Rfd1 Re5 28. Rd4 Rd6 29. Rb4 Rc6 30. c3 Rc5 31. Kf2 f5 32. Re1
Re4 33. Rexe4 dxe4 34. Ke3 Re5 35. g3 Kf7 36. a4 bxa4 37. Rxa4 Rb5 38. b4 Rd5
39. c4 Rd3 40. Ke2 f4 41. gxf4 gxf4 42. b5 f3 43. Kf2 Rd2 44. Ke3 Re2 45. Kd4
f2 46. b6 f1=Q 47. Kc5 Qf5 48. Kc6 Qc8 49. Kd6 0-1

[Event "DVM U20 2022"]
[Site "Münster GER"]
[Date "2022.12.27"]
[Round "2"]
[White "John, Niklas"]
[Black "Slutski, Daniel"]
[Result "1-0"]
[Termination "normal"]
[Board "5.6"]
[WhiteElo "1680"]
[BlackElo "1253"]
[WhiteClock "00:55:38"]
[BlackClock "01:28:44"]
[WhiteTeam "Schachklub Münster 32 e. V."]
[BlackTeam "SC Bavaria Regensburg von 1881 e.V."]
[PlyCount "137"]
[WhiteFideId "16234626"]
[BlackFideId "16292154"]
[EventCountry "GER"]
[EventRounds "7"]
[EventType "team-swiss"]
[EventDate "2022.12.26"]

1. e4 c6 {[%emt 1:51:02]} 2. d4 d5 3. Nc3 dxe4 4. Nxe4 Nf6 5. Nxf6 exf6 6. Nf3
Bd6 7. Bd3 O-O 8. O-O Bg4 9. c3 Re8 10. Be3 Nd7 11. Re1 Qc7 12. h3 Bh5 13. c4
b6 14. a3 Re7 {[%emt 0:00:34]} 15. g4 Bg6 16. Nh4 Rae8 17. Nxg6 hxg6 18. Qd2 c5
19. d5 Ne5 20. Kg2 Nxd3 21. Qxd3 Qb7 22. Re2 Re4 23. Rae1 Qa6 24. Bd2 Rxe2 25.
Rxe2 Rxe2 26. Qxe2 Kf8 27. Qe4 g5 28. f4 Qa4 29. fxg5 fxg5 30. Bxg5 Qb3 31. Bf4
Qxb2 32. Kg3 Qxa3 33. Kh4 Be7 34. g5 Qb2 35. d6 Qf2 36. Bg3 Bxg5 37. Kg4 f5 38.
Qxf5 Qxf5 39. Kxf5 Bf6 40. Ke6 Ke8 41. d7 Kd8 42. Bb8 Bh4 43. Be5 g6 44. Kd6 a5
45. Kc6 Ke7 46. Kc7 Ke6 47. Bb2 a4 48. d8=Q Bxd8 49. Kxd8 Kd6 50. Ke8 Kc6 51.
Ke7 b5 52. cxb5 Kxb5 53. Kd6 c4 54. Ba3 c3 55. Kd5 c2 56. Kd4 Kc6 57. Kc3 Kd5
58. h4 Ke4 59. Kxc2 Kf4 60. Be7 Kg4 61. Kb2 Kh5 62. Ka3 Kg4 63. Kxa4 Kh5 64.
Kb5 Kg4 65. Kc5 Kf4 66. Kd5 Kf5 67. Kd6 Kf4 68. Ke6 Kg4 69. Kf7 1-0

[Event "DVM U20 2022"]
[Site "Münster GER"]
[Date "2022.12.27"]
[Round "2"]
[White "Runte, Moritz"]
[Black "Koll, Linus"]
[Result "1-0"]
[Termination "normal"]
[Board "6.1"]
[WhiteElo "2187"]
[BlackElo "2058"]
[WhiteClock "00:41:46"]
[BlackClock "00:14:31"]
[WhiteTeam "Schachverein Hemer 1932"]
[BlackTeam "Karlsruher SF 1853"]
[PlyCount "89"]
[WhiteFideId "12991449"]
[BlackFideId "12990299"]
[EventCountry "GER"]
[EventRounds "7"]
[EventType "team-swiss"]
[EventDate "2022.12.26"]

1. e4 {[%emt 0:31:36]} c5 2. Nf3 d6 3. d4 cxd4 4. Nxd4 Nf6 5. Nc3 g6 6. f3 Bg7
7. Be3 O-O 8. Qd2 Nc6 9. O-O-O {[%emt 0:00:20]} d5 {[%emt 0:00:05]} 10. exd5
{[%emt 0:00:07]} Nxd5 {[%emt 0:00:06]} 11. Nxc6 {[%emt 0:00:09]} bxc6 {[%emt
0:00:06]} 12. Bd4 {[%emt 0:00:08]} Nxc3 {[%emt 0:07:51]} 13. Qxc3 {[%emt
0:01:04]} Bxd4 {[%emt 0:01:37]} 14. Rxd4 {[%emt 0:00:07]} Qb6 {[%emt 0:02:15]}
15. h4 {[%emt 0:01:22]} c5 {[%emt 0:10:50]} 16. Re4 {[%emt 0:04:28]} Qd6 {[%emt
0:10:48]} 17. Bc4 {[%emt 0:03:14]} Bf5 {[%emt 0:00:43]} 18. Re5 {[%emt
0:01:08]} Rad8 {[%emt 0:12:27]} 19. g4 {[%emt 0:01:39]} Be6 {[%emt 0:03:18]}
20. Bxe6 {[%emt 0:08:50]} fxe6 {[%emt 0:00:05]} 21. Rhe1 {[%emt 0:02:07]} Qd4
{[%emt 0:02:10]} 22. Qe3 {[%emt 0:12:34]} Qf4 {[%emt 0:03:09]} 23. Rxe6 {[%emt
0:07:49]} Qxf3 {[%emt 0:00:29]} 24. Qxf3 {[%emt 0:03:33]} Rxf3 {[%emt 0:00:05]}
25. Rxe7 {[%emt 0:00:23]} a6 {[%emt 0:08:53]} 26. b3 {[%emt 0:01:30]} Rf4
{[%emt 0:03:41]} 27. R1e4 {[%emt 0:00:31]} Rd4 {[%emt 0:00:15]} 28. Re8 {[%emt
0:00:14]} Kg7 {[%emt 0:00:11]} 29. R4e7 {[%emt 0:01:31]} Rf7 {[%emt 0:00:15]}
30. h5 {[%emt 0:01:05]} Rxe7 {[%emt 0:05:45]} 31. Rxe7 {[%emt 0:00:06]} Kh6
{[%emt 0:00:18]} 32. hxg6 {[%emt 0:02:13]} hxg6 {[%emt 0:02:28]} 33. Re6 {[%emt
0:01:14]} Rxg4 {[%emt 0:01:13]} 34. Rxa6 {[%emt 0:00:08]} c4 {[%emt 0:04:07]}
35. Rc6 {[%emt 0:04:22]} cxb3 {[%emt 0:00:46]} 36. cxb3 {[%emt 0:03:31]} Rb4
{[%emt 0:05:02]} 37. Kc2 {[%emt 0:00:34]} Rb5 {[%emt 0:02:47]} 38. a4 {[%emt
0:00:42]} Ra5 {[%emt 0:00:05]} 39. Kc3 {[%emt 0:01:05]} Kh5 {[%emt 0:00:36]}
40. Kb4 {[%emt 0:00:27]} Ra8 {[%emt 0:00:18]} 41. a5 {[%emt 0:00:14]} g5 {[%emt
0:00:24]} 42. a6 {[%emt 0:00:18]} g4 {[%emt 0:00:11]} 43. Ka5 {[%emt 0:00:12]}
g3 {[%emt 0:02:51]} 44. b4 {[%emt 0:00:43]} g2 {[%emt 0:01:33]} 45. Rc1 {[%emt
0:00:06]} 1-0

[Event "DVM U20 2022"]
[Site "Münster GER"]
[Date "2022.12.27"]
[Round "2"]
[White "Wang, Xinyuan"]
[Black "Leonard, Timo"]
[Result "0-1"]
[Termination "normal"]
[Board "6.2"]
[WhiteElo "1835"]
[BlackElo "2174"]
[WhiteClock "00:09:42"]
[BlackClock "00:13:42"]
[WhiteTeam "Karlsruher SF 1853"]
[BlackTeam "Schachverein Hemer 1932"]
[PlyCount "104"]
[WhiteFideId "16221494"]
[BlackFideId "16208757"]
[EventCountry "GER"]
[EventRounds "7"]
[EventType "team-swiss"]
[EventDate "2022.12.26"]

1. d4 d5 2. c4 c6 3. cxd5 cxd5 4. Bf4 Nf6 5. e3 Nc6 6. Bb5 e6 {[%emt 0:13:03]}
7. Nf3 {[%emt 0:00:33]} Qa5 {[%emt 0:04:18]} 8. Nc3 {[%emt 0:00:11]} Bb4 {[%emt
0:01:44]} 9. O-O {[%emt 0:06:24]} Bxc3 {[%emt 0:06:27]} 10. Bxc6 {[%emt
0:00:09]} bxc6 {[%emt 0:00:03]} 11. bxc3 {[%emt 0:00:07]} Ba6 {[%emt 0:00:41]}
12. Re1 {[%emt 0:02:03]} Ne4 {[%emt 0:05:09]} 13. Rc1 {[%emt 0:09:20]} Qxa2
{[%emt 0:08:07]} 14. Bg3 {[%emt 0:03:30]} Nxg3 {[%emt 0:02:30]} 15. hxg3 {[%emt
0:00:07]} Bb5 {[%emt 0:02:01]} 16. Ne5 {[%emt 0:01:33]} Qa6 {[%emt 0:05:09]}
17. Qg4 {[%emt 0:06:22]} O-O {[%emt 0:02:21]} 18. Nd7 {[%emt 0:05:43]} Rfd8
{[%emt 0:03:48]} 19. Nf6 {[%emt 0:01:39]} Kh8 {[%emt 0:00:50]} 20. Nh5 {[%emt
0:04:30]} Rg8 {[%emt 0:02:19]} 21. Ra1 {[%emt 0:05:15]} Qb7 {[%emt 0:01:24]}
22. Nf4 {[%emt 0:15:51]} a5 {[%emt 0:03:42]} 23. e4 {[%emt 0:02:04]} a4 {[%emt
0:15:50]} 24. exd5 {[%emt 0:01:40]} cxd5 {[%emt 0:00:06]} 25. Qh5 {[%emt
0:06:36]} Be8 {[%emt 0:03:34]} 26. Qf3 {[%emt 0:07:12]} Qc7 {[%emt 0:02:13]}
27. Re5 {[%emt 0:02:56]} Qd8 {[%emt 0:03:10]} 28. g4 {[%emt 0:06:01]} a3 {[%emt
0:06:29]} 29. Qh3 {[%emt 0:06:47]} g6 {[%emt 0:01:33]} 30. Re2 {[%emt 0:03:47]}
Qb8 {[%emt 0:02:53]} 31. Qf3 {[%emt 0:02:17]} Bb5 {[%emt 0:03:25]} 32. Ree1
{[%emt 0:01:03]} a2 {[%emt 0:00:37]} 33. Nh3 {[%emt 0:00:09]} Kg7 {[%emt
0:01:49]} 34. Ng5 {[%emt 0:00:58]} Rf8 {[%emt 0:00:44]} 35. Qh3 {[%emt
0:00:40]} h6 {[%emt 0:00:17]} 36. Nf3 {[%emt 0:00:06]} Bd3 {[%emt 0:00:44]} 37.
Nd2 {[%emt 0:02:08]} Bc2 {[%emt 0:00:29]} 38. c4 {[%emt 0:01:15]} dxc4 {[%emt
0:00:34]} 39. Qc3 {[%emt 0:00:06]} Bb3 {[%emt 0:00:40]} 40. d5 {[%emt 0:00:13]}
e5 {[%emt 0:00:29]} 41. Rxe5 {[%emt 0:00:38]} Kg8 {[%emt 0:01:01]} 42. Ne4
{[%emt 0:06:57]} Qd8 {[%emt 0:03:38]} 43. g5 {[%emt 0:00:52]} hxg5 {[%emt
0:00:20]} 44. Rxg5 {[%emt 0:00:11]} Ra6 {[%emt 0:00:56]} 45. Rg3 {[%emt
0:03:30]} Qxd5 {[%emt 0:05:36]} 46. Rh3 {[%emt 0:03:40]} f6 {[%emt 0:00:14]}
47. Re3 {[%emt 0:03:22]} Re6 {[%emt 0:03:01]} 48. Rae1 {[%emt 0:01:56]} Qe5
{[%emt 0:02:40]} 49. Qxe5 {[%emt 0:03:06]} fxe5 {[%emt 0:00:30]} 50. Nc5 {[%emt
0:00:05]} Rb6 {[%emt 0:03:44]} 51. Ra1 {[%emt 0:02:50]} Ra8 {[%emt 0:00:33]}
52. Re2 {[%emt 0:00:37]} Bc2 {[%emt 0:01:49]} 0-1

[Event "DVM U20 2022"]
[Site "Münster GER"]
[Date "2022.12.27"]
[Round "2"]
[White "Trinh, Fabian Dat"]
[Black "Fischer, Darja"]
[Result "1-0"]
[Termination "normal"]
[Board "6.3"]
[WhiteElo "1852"]
[BlackElo "1762"]
[WhiteClock "00:24:49"]
[BlackClock "00:24:30"]
[WhiteTeam "Schachverein Hemer 1932"]
[BlackTeam "Karlsruher SF 1853"]
[PlyCount "79"]
[WhiteFideId "16243641"]
[BlackFideId "16240898"]
[EventCountry "GER"]
[EventRounds "7"]
[EventType "team-swiss"]
[EventDate "2022.12.26"]

1. d4 {[%emt 0:39:06]} Nf6 2. Bf4 c5 3. d5 d6 {[%emt 0:01:19]} 4. Nc3 {[%emt
0:01:15]} g6 {[%emt 0:00:18]} 5. e4 {[%emt 0:00:30]} Bg7 {[%emt 0:00:35]} 6.
Nf3 {[%emt 0:02:20]} a6 {[%emt 0:07:34]} 7. a4 {[%emt 0:00:08]} O-O {[%emt
0:01:07]} 8. Be2 {[%emt 0:00:38]} Nbd7 {[%emt 0:01:19]} 9. Nd2 {[%emt 0:02:22]}
Ne5 {[%emt 0:09:40]} 10. Bxe5 {[%emt 0:03:13]} dxe5 {[%emt 0:00:01]} 11. Nc4
{[%emt 0:00:49]} Ne8 {[%emt 0:05:52]} 12. O-O {[%emt 0:04:15]} Nd6 {[%emt
0:00:53]} 13. a5 {[%emt 0:08:21]} b5 {[%emt 0:07:14]} 14. axb6 {[%emt 0:01:12]}
Nxc4 {[%emt 0:00:18]} 15. Bxc4 {[%emt 0:00:07]} Qxb6 {[%emt 0:00:08]} 16. Qd3
{[%emt 0:05:47]} Rd8 {[%emt 0:11:43]} 17. Na4 {[%emt 0:07:12]} Qd6 {[%emt
0:00:51]} 18. Qe3 {[%emt 0:00:50]} e6 {[%emt 0:03:33]} 19. Qxc5 {[%emt
0:06:09]} exd5 {[%emt 0:01:11]} 20. Qxd6 {[%emt 0:00:26]} Rxd6 {[%emt 0:00:05]}
21. Bxd5 {[%emt 0:00:09]} Rb8 {[%emt 0:00:45]} 22. Rfd1 {[%emt 0:01:33]} Be6
{[%emt 0:02:24]} 23. c4 {[%emt 0:02:15]} Bxd5 {[%emt 0:03:17]} 24. exd5 {[%emt
0:02:05]} Rbd8 {[%emt 0:00:45]} 25. Rac1 {[%emt 0:00:51]} Bh6 {[%emt 0:03:58]}
26. Rc2 {[%emt 0:00:35]} f5 {[%emt 0:01:14]} 27. Kf1 {[%emt 0:03:20]} e4 {[%emt
0:02:01]} 28. g3 {[%emt 0:03:24]} f4 {[%emt 0:02:37]} 29. Nc5 {[%emt 0:01:33]}
Re8 {[%emt 0:02:08]} 30. Rd4 {[%emt 0:05:53]} fxg3 {[%emt 0:02:44]} 31. hxg3
{[%emt 0:00:35]} e3 {[%emt 0:00:20]} 32. Ne4 {[%emt 0:04:13]} Rb6 {[%emt
0:03:49]} 33. c5 {[%emt 0:00:08]} Bg7 {[%emt 0:00:18]} 34. Rdc4 {[%emt
0:03:35]} Rxb2 {[%emt 0:02:20]} 35. Rxb2 {[%emt 0:00:08]} Bxb2 {[%emt 0:00:04]}
36. fxe3 {[%emt 0:00:11]} Be5 {[%emt 0:01:17]} 37. d6 {[%emt 0:00:31]} Kf7
{[%emt 0:00:19]} 38. d7 {[%emt 0:05:16]} Rd8 {[%emt 0:00:28]} 39. c6 {[%emt
0:00:12]} Bc7 {[%emt 0:00:11]} 40. Nc5 {[%emt 0:02:51]} 1-0

[Event "DVM U20 2022"]
[Site "Münster GER"]
[Date "2022.12.27"]
[Round "2"]
[White "Borodaev, Roman"]
[Black "Naumenko, Valerija"]
[Result "0-1"]
[Termination "normal"]
[Board "6.4"]
[WhiteElo "1678"]
[BlackElo "1788"]
[WhiteClock "00:06:46"]
[BlackClock "00:19:58"]
[WhiteTeam "Karlsruher SF 1853"]
[BlackTeam "Schachverein Hemer 1932"]
[PlyCount "68"]
[WhiteFideId "16274881"]
[BlackFideId "16222890"]
[EventCountry "GER"]
[EventRounds "7"]
[EventType "team-swiss"]
[EventDate "2022.12.26"]

1. e4 e5 2. Nf3 Nc6 3. Bb5 a6 4. Ba4 Nf6 5. O-O b5 6. Bb3 Be7 7. Re1 d6 8. a4
{[%emt 0:00:20]} Bd7 {[%emt 0:00:07]} 9. c3 {[%emt 0:00:32]} Na5 {[%emt
0:18:48]} 10. Bc2 {[%emt 0:00:31]} c5 {[%emt 0:00:23]} 11. d4 {[%emt 0:10:07]}
cxd4 {[%emt 0:00:45]} 12. cxd4 {[%emt 0:00:06]} Nc6 {[%emt 0:00:15]} 13. dxe5
{[%emt 0:00:52]} Nxe5 {[%emt 0:03:04]} 14. Nxe5 {[%emt 0:18:03]} dxe5 {[%emt
0:00:10]} 15. Nc3 {[%emt 0:04:02]} O-O {[%emt 0:04:34]} 16. Bg5 {[%emt
0:10:02]} Ng4 {[%emt 0:05:04]} 17. Bxe7 {[%emt 0:00:11]} Qxe7 {[%emt 0:00:07]}
18. h3 {[%emt 0:00:48]} Nf6 {[%emt 0:00:24]} 19. axb5 {[%emt 0:18:52]} axb5
{[%emt 0:00:44]} 20. Nd5 {[%emt 0:01:03]} Nxd5 {[%emt 0:05:21]} 21. Qxd5 {[%emt
0:00:26]} Rac8 {[%emt 0:00:14]} 22. Bd3 {[%emt 0:10:30]} Rfd8 {[%emt 0:09:29]}
23. Ra7 {[%emt 0:05:16]} Qb4 {[%emt 0:05:20]} 24. Re3 {[%emt 0:05:07]} Be8
{[%emt 0:11:30]} 25. Qxe5 {[%emt 0:01:29]} Qd2 {[%emt 0:04:27]} 26. Bxb5 {[%emt
0:03:35]} Bxb5 {[%emt 0:00:34]} 27. Qxb5 {[%emt 0:00:05]} Rc1 {[%emt 0:00:07]}
28. Kh2 {[%emt 0:00:03]} Qxf2 {[%emt 0:00:15]} 29. Qg5 {[%emt 0:01:23]} Rcd1
{[%emt 0:00:25]} 30. Rea3 {[%emt 0:04:15]} Qg1 {[%emt 0:03:30]} 31. Kg3 {[%emt
0:00:04]} R1d3 {[%emt 0:09:10]} 32. Kh4 {[%emt 0:01:05]} h6 {[%emt 0:00:15]}
33. Qf5 {[%emt 0:01:17]} Qe1 {[%emt 0:01:08]} 34. g3 {[%emt 0:00:12]} Qxg3
{[%emt 0:00:07]} 0-1